| 000 | 00468nam a2200133Ia 4500 | ||
|---|---|---|---|
| 008 | 170221s9999 xx 000 0 und d | ||
| 100 | _aYi Dong | ||
| 245 | 4 | _aThe Impact of NASD Rule 2711 and NYSE Rule 472 on Analyst Behavior: The Strategic Timing of Recommendations Issued on Weekends (pages 950–975) | |
| 245 | _cYi Dong and Nan Hu | ||
| 260 | _c2015 | ||
| 300 | _a: | ||
| 650 | _xBusiness | ||
| 856 | _uhttp://onlinelibrary.wiley.com/doi/10.1111/jbfa.12211/pdf | ||
| 999 |
_c313613 _d313613 |
||